000 00463nam a2200181Ia 4500
001 16031
005 20260306170239.0
008 260306t2007||||xx |||||||||||||| ||und||
041 _aESP
082 _a346.52
_bS71
100 _aSotomarino Cáceres, Silvia Roxana
_eAUT
245 0 _aLa responsabilidad civil por productos defectuosos
260 _c2007
300 _a798 páginas :
_c24 cm.
650 _aGEN
654 _aCDE
942 _cLIB
_dJUS
_fJUS
_2ddc
_n
999 _c16031
_d16031